• 首页
  • 本馆介绍
  • 公告通知
  • 最新文献
  • 馆藏检索
  • 电子资源
  • 读者导购
  • 参考咨询
  • 我的图书馆
  • 登录
  • 详细信息显示
  • 放入我的书架
  • 预约/预借图书
  • 作者相关作品
  • 分类相关作品
  • 丛书相关作品
  • 出版社相关作品

书目信息

  • 表格格式
  • 工作单格式
  • 卡片格式
题名:
中国共产党历史
    
 
作者: 李践为 主编
分册: 第一册  
出版信息: 北京   人民出版社  1990.6
页数: 545页
开本: 21cm
丛书名:
单 册:
中图分类: D23
科图分类:
主题词: 中国共产党--党史
电子资源:
ISBN: 7-01-000214-2
000 00715nam 2200217 45
001 0191008952
005 20070705172327.01
010    @a7-01-000214-2@dCNY8.00
100    @a19910423d1990 ekmy0chiy0121 ea
101 0  @achi
102    @aCN@b110000
105    @ab z 000yy
200 10 @a中国共产党历史@AZHONG GUO GONG CHAN DANG LI SHI@h第一册@e1919年5月~1937年7月@E1919 Nian 5 Yue~1937 Nian 7 Yue@f李践为主编@FLI JIAN WEI ZHU BIAN
210    @a北京@c人民出版社@d1990.6
215    @a545页@c附地图@d21cm
517    @a1919年5月~1937年7月@A1919 Nian 5 Yue~1937 Nian 7 Yue
606    @a中国共产党@x党史
690    @aD23@v3
701  0 @a李践为@4主编
801  0 @aCN@bNLC@c20070705
905    @dD23@e105:1@b231515@f1
    
    中国共产党历史.第一册:1919年5月~1937年7月/李践为主编.-北京:人民出版社,1990.6
    545页:附地图;21cm
    
    
    ISBN 7-01-000214-2:CNY8.00
    
●
相关链接 在E读中查询图书 在五车中查询图书 在当当中查询图书 在豆瓣中查询图书


正题名:中国共产党历史     索取号:D23/105:1         预约/预借

序号 登录号 条形码 馆藏地/架位号 状态 备注
1 0231515   002030572   第一样本阅览室/ [索取号:D23/105:1] 在馆    
2 0765444   207654448   密集书库/ [索取号:D23/105:1] 在馆    
唐山师范学院图书馆 欢迎您!
大连网信软件有限公司© 版权所有